| 000 | 00433nam a2200181Ia 4500 | ||
|---|---|---|---|
| 005 | 20230522111102.0 | ||
| 008 | 131103s9999 xx 000 0 und d | ||
| 020 | _a014-00-6205-x | ||
| 040 | _aLoreto College | ||
| 041 | _aEnglish | ||
| 082 |
_a823.91 _bORW |
||
| 100 | _aOrwell,Geroge | ||
| 245 |
_aNineteen eighty-four _cGeorge Orwell |
||
| 260 |
_aLondon _bPenguin _c1984 |
||
| 300 | _a267p | ||
| 850 | _aLCLIB | ||
| 942 | _cBK | ||
| 999 |
_c18635 _d69114 |
||